| 000 | 00571nam a2200157 a 4500 | ||
|---|---|---|---|
| 008 | 150825s2013 ||||||||||||||||| || u | ||
| 020 | _a9781781250952 | ||
| 050 | _aG 5754 Jen | ||
| 100 | _aJenkins, Simon | ||
| 245 | 1 | 0 |
_aEngland's 100 best views _cby Simon Jenkins |
| 260 |
_aLondon: _bProfile Books Ltd _c2013 |
||
| 300 | _a352p.: ill. | ||
| 350 | _a76.01 | ||
| 650 | _aNATURAL LANDSCAPES--ENGLAND | ||
| 995 |
_aMEDICAL LIBRARY OPEN ACCESS _e903140 _FCBU-SCHOOL OF MEDICINE LIBRARY (Ndola) _I76.01 _jREF G 5754 Jen _M1 _UAVAILABLE _WOct 13, 2015 _y903140 _ZReference Collection |
||
| 999 |
_c31354 _d31354 |
||